Stolice Państw które są długie lub jest więcej niż jedna - Statystyki

Ogólne statystyki
  • Ten quiz został rozwiązany 21 razy
  • Średni wynik to 7 z 10
Statystyki odpowiedzi
Państwo Stolica Poziom Trudności
(Według Mnie)
% Poprawnych
Republika Południowej Afryki Kapsztad 😊
100%
Republika Południowej Afryki Pretoria 😊
100%
Boliwia La Paz 😊
94%
Boliwia Sucre 😐
94%
Mjanma Naypyidaw 😡
61%
Benin Porto-Novo 😐
56%
Brunei Bandar Seri Begawan 😡
50%
Republika Południowej Afryki Bloemfontein 😐
50%
Benin Kotonu 😐
39%
Sri Lanka Sri Dźajawardanapura Kotte 👿
39%
Nie znaleziono quizów pasujących do podanych kryteriów
Rozkład punktacji
Procent ludzi z każdym wynikiem
Percentyl według liczby udzielonych odpowiedzi
Twoja historia wyników
Nie rozwiązałeś tego quizu